|
|
|
|
| LEADER |
00000nam a2200000 a 4500 |
| 001 |
UCV2116 |
| 003 |
CL-VaPUC |
| 008 |
911030e19870000SP |||||||||||||||||spa|d |
| 082 |
0 |
4 |
|a 340.12
|b EZC
|2 21
|
| 100 |
0 |
|
|a Ezcurdia Lavigne, José A
|e author
|9 296358
|
| 245 |
1 |
0 |
|a Curso de derecho natural y perspectivas iusnaturalistas de los derechos humanos parte general
|
| 300 |
|
|
|a 292 p
|
| 942 |
|
|
|c BK
|
| 945 |
|
|
|d 19911030 00:00:00
|
| 260 |
|
|
|a Madrid
|b Reus
|c 1987
|
| 650 |
|
0 |
|a Derecho natural
|9 255041
|
| 650 |
|
0 |
|a Derechos humanos
|9 223025
|
| 999 |
|
|
|c 209800
|d 209798
|
| 583 |
|
|
|k Rodrigo Vera
|
| 952 |
|
|
|0 0
|1 0
|4 0
|6 340_120000000000000_EZC_1987
|7 0
|8 DER_TF
|9 185561
|a BIBDER
|b BIBDER
|d 2019-11-14
|i 2530325
|o 340.12 EZC 1987
|p 2530325
|r 2023-01-25
|w 2019-11-14
|x Ubicación 4to Piso
|y BK
|z Estos recursos deben solicitarse con anticipación
|k DER
|
| 952 |
|
|
|0 0
|1 0
|4 0
|6 340_120000000000000_EZC_1987
|7 0
|8 A
|9 185562
|a BIBDER
|b BIBDER
|d 2019-11-14
|i 2530333
|o 340.12 EZC 1987
|p 2530333
|r 2023-01-25
|w 2019-11-14
|y BK
|k DER
|